000 00510nam a2200181Ia 4500
008 090123s9999 xx 000 0 und d
082 _b3550
_a891.463/शहा
100 _aशहा नलिनी
245 _aजातकुळी
250 _a1
260 _bसुरस ग्रंथमाला
_c1974
300 _a112
600 _aशहा नलिनी
630 _aजातकुळी
700 _aशहा नलिनी
730 _aजातकुळी
942 _cBOOK
999 _c41630
_d41630